000 00273nam a22001217a 4500
008 170512b xxu||||| |||| 00| 0 eng d
041 _aeng
080 _27TH
_a94
100 _a16
101 _aSHH
245 _aA SHORT HISTORY OF MIDDLE EAST
_cKIRK, G.E
942 _2udc
_cBK
999 _c13321
_d13321